000 00634nam a2200205Ia 4500
003 OSt
005 20230419114402.0
008 210423s2010 xx 000 0 und d
020 _a9789350231227
040 _cAL
041 _aeng
082 _a658.15
_223
_bSRIA
100 _aSRIDHAR (A N).
_990540
245 _aFinancial decision modeling: operations research and business statistics.
260 _aMumbai
_bShroff Publishers & Distributors
_c2010
300 _a1-2,9-94,A-2,A-28
_bPB
365 _b350
_cINR
906 _abusiness ; decision ; Financial ; modeling: ; operations ; research ; statistics.
942 _2ddc
_cBK
999 _c160736
_d160736